000 00379nam a22001577a 4500
005 20180209124059.0
008 160426b xxu||||| |||| 00| 0 eng d
020 _aN/A
041 _aeng
082 _b00177
_a006.74
100 _aWEB COM Tehnologies
_94137
245 _aExtensible Markup Language-X M L
260 _aDelhi-34
_bWebcom Technologies,
300 _a106
942 _cBK
999 _c56
_d56